000 00570nam a2200193 4500
001 111808
003 ES-MaACL
007 t|
008 061121s1985 sp r ||||1| spa d
020 _a84-322-4561-5
100 1 _aNathan, John.
_984990
245 1 0 _aMishima
_b: (biografía) /
_cJohn Nathan ; traducción del inglés por Soledad Silió.
250 _a[1ª ed.].
260 _aBarcelona :
_bSeix Barral,
_c1985.
300 _a278 p. 6 h. de lám. ;
_c20 cm.
500 _aIndice.
700 1 _aSilió, Soledad.
_9106344
852 _aES-MaACL
_jL-8868
_bR.110448
999 _c111808
_d111808